00449nam a2200133Ia 450000500170000000800460001703700290006304000200009204100130011208400240012524501470014926000090029630000100030520250508160024.0008 250505s9999 xx 000 0 eng d aBooks to be hide in OPAC aFEDLbengcFEDL aeng2eng a379.42, GRE/OqFEDL 0aReports of the committee appointed to enquire into the education and training of cadets, midshipmen and junior officers of his majesty's fleet c1913 a170p.